000 00489nam a2200145 a 4500
008 120416s1951 ||||||||||||||||| || u
050 _aTJ 1165 Axe
100 _aAxelrod, Aaron
245 1 0 _aMachine shop mathematics
250 _a2nd ed.
260 _aNew York
_bMcGraw-Hill
_c1951
300 _axi, 359p. : ill.
350 _a0.00
995 _D0.00
_FCBU-MAIN LIBRARY (Kitwe)
_H1
_I3.60
_UAVAILABLE
_ZMain Library Open Access Collection
999 _c49582
_d49582